1545 1878 1929 1517 1233 1798 1375 1155 1709 1449 1609 1987 1087 1430 1629 1076 1384 1336 1148 1700 1765 1531 1417 1643 1972 1000 1085 1521 1045 1026 1651 1848 1056 1348 1035 1587 1545 1939 1804 1088 1674 1356 1076 1934 1829 1796 1062 1515 1826 1324 1911 1661 1028 1418 1182 1608 1597 1616 1842 1795 1509 1150 1232 1691 1528 1919 1925 1896 1180 1786 1822 1219 1357 1090 1385 1870 1474 1465 1686 1764 1169 1653 1262 1047 1863 1805 1226 1101 1859 1784 1076 1137 1674 1257 1758 1572 1703 1022 1774 BCNSPRNW ULIB Ver.6.0+V

เปลี่ยนเป็นภาษาไทย

Change to English
 แสดงรายละเอียดบรรณานุกรม
  กลับหน้าหลัก

Brief Record : Get Marc (ISO 2709) : E-mail record : QR code < ปิดหน้าต่าง
LEADER : 00000nam 2200000uu 4500
001    13399114065
003     ULIB
008    120214s2547||||th 000 0 tha d
020    ^a9743890095
060 04 ^aWA540^bว111ส 2547
100 0  ^aวสุธร ตันวัฒนกุล
245 10 ^aสุขภาพ อนามัยชุมชนและกระบวนการพัฒนา /^cวสุธร ตันวัฒนกุล
250    ^aพิมพ์ครั้งที่ 1
260    ^aชลบุรี :^bคณะสาธารณสุขศาสตร์ มหาวิทยาลัยบูรพา,^c2547
300    ^aก-ญ, 255 หน้า ;^c26 ซม.
650  4 ^aการส่งเสริมสุขภาพ
650  4 ^aสาธารณสุขมูลฐาน
650  4 ^aอนามัยชุมชน
710 2  ^aมหาวิทยาลัยบูรพา. ^bคณะสาธารณสุขศาสตร์
945    ^p195^l0^i13506
945    ^p195^l0^i13507
945    ^p195^l0^i13503
995    ^aกัณชพร
999    ^aใช้งานได้ทุกระบบ
รายการนี้ยังไม่มีแท็ก
คุณยังไม่ได้ล็อกอิน คุณสามารถมีกิจกรรมร่วมกับเว็บไซต์ได้ แต่ต้องล็อกอินก่อน ::
  ล็อกอิน

รายการสื่อสารสนเทศ

ลำดับที่ ประเภท เลขเรียก/บาร์โค้ด สถานที่ สถานะ
- ไม่พบข้อมูล -

รายการใกล้เคียง
    ผู้แต่ง [วสุธร ตันวัฒนกุล]

    หัวเรื่อง [การส่งเสริมสุขภาพ]
    หัวเรื่อง [สาธารณสุขมูลฐาน]
    หัวเรื่อง [อนามัยชุมชน]

BibComment


ยังไม่เคยถูกคอมเมนท์

คอมเมนท์ทรัพยากรรายการนี้
  คอมเมนท์: สุขภาพ อนามัยชุม..


 Copyright 2026. Bcnsprnw @Library